Zlo v nás

Bibliographic Details
Main Author: Hajduk, Anton, 1933-2005 (Author)
Format: Article
Language:Slovak
ISSN:1335-566X
Subjects:

MARC

LEADER 00000nab a2200000 a 4500
001 vtls000783375
003 SK-MaSNL
005 20260304115015.0
008 250429c2001 xo 0 slo
015 |a SNBRB2002/02-06022 
035 |a CLN000135083 
035 |a urn:nbn:sk:snk-ab7bjl 
035 |a (uuid)98be1050-a259-4bfd-82f6-9acea7dcde44 
035 |a (urnnbn)urn:nbn:sk:snk:ar-a07heu 
035 |a (sysno)vtls000783375 
040 |a SNKBUCL  |b slo  |c SNKBUCL  |e AACR2 
041 0 |a slo 
044 |a xo  |c SK 
080 |a 216  |2 1997 
080 |a 885.4-4  |2 1997 
100 1 |a Hajduk, Anton,  |d 1933-2005  |4 aut  |9 103385 
245 1 0 |a Zlo v nás  |c Anton Hajduk 
650 0 7 |a zlo  |x eseje  |2 snkbucl  |9 1079440 
650 0 7 |a eseje, slovenské  |2 snkbucl  |9 304982 
655 7 |a články z novín a časopisov  |2 snkbucl  |9 267496 
773 0 |t Forum scientiae et sapientiae  |g Roč. 8, č. 3-4 (2001), s. 10-11  |x 1335-566X 
850 |a Slovenská národná knižnica 
852 |a Slovenská národná knižnica 
954 |a odborná, vedecká literatúra pôvodná (slovenská)  |2 lita 
958 |a article27 
958 |a OND 
958 |a EUIPO 
992 |a RBX 
999 |c 2874591  |d 2876521